Matemática 1 : (Registro nro. 7955)

Detalles MARC
000 -LIDER
fixed length control field 01469nam a2200325 a 4500
001 - NÚMERO DE CONTROL
Identificador de número de control 0000233
003 - IDENTIFICACDOR DE NÚMERO DE CONTROL
control field DO-SdBNP
005 - DATE AND TIME OF LATEST TRANSACTION
control field 20160413094018.0
007 - CAMPOS FIJOS DE DESCRIPCIÓN FÍSICA
fixed length control field 0000233
008 - ELEMENTOS DE LONGITUD FIJA
fixed length control field 150130s2013 dr ac 000 0 spa d
020 ## - ISBN
International Standard Book Number 9789945174816
040 ## - FUENTE DE CATALOGACIÓN
Agencia que crea de manera original el registro BPMSU
Idioma de catalogación spa
Agencia que realiza la transcripción BPMSU
092 ## - LOCALLY ASSIGNED DEWEY DECIMAL CALL NUMBER
Número de clasificación 373.7
Número de ítem (Cutter) M425a, 1ro. 2013
245 00 - MENCIÓN DE TITULO
Título Matemática 1 :
Subtítulo educación media /
Mención de responsabilidad gerencia editorial Anna Rogero Soler ; colaboración Kreemly Pérez ; ilustraciones Joaquín Turina.
260 ## - PUBLICACIÓN, DISTRIBUCIÓN, ETC. (PIE DE IMPRENTA)
Lugar de publicación, distribución, etc Santo Domingo :
Nombre del editor, distribuidor, etc. SM,
Fecha de publicación, distribución, etc 2013.
300 ## - DESCRIPCIÓN FÍSICA
Extensión 311 p.
Otros detalles físicos il., retrs,
Dimensiones 29 cm. +
Material complementario CD Room :
490 1# - MENCIÓN DE SERIES
Mención de serie Proyecto Sé
505 1# - NOTA DE CONTENIDO
Título Unidad 1 --
-- Lenguaje matemático --
-- Unidad 2 --
-- Números reales y números complejos --
-- Unidad 3 --
-- Polinomios --
-- Unidad 4 --
-- Factorización y fracciones algebraicas --
-- Unidad 5 --
-- Ecuaciones e inecuaciones --
-- Unidad 6 --
-- Funciones lineales y cuadráticas --
-- Unidad 7 --
-- Rectas, segmentos y ángulos --
-- Unidad 8 --
-- Parámetros estadístico. Probabilidad --
-- Glosario --
-- Bibliografía.
650 ## - ENCABEZAMIENTO DE MATERIA--TEMÁTICO
Término temático o nombre geográfico como elemento de entrada MATEMÁTICAS
Subdivisión temática general ENSEÑANZA SECUNDARIA
650 ## - ENCABEZAMIENTO DE MATERIA--TEMÁTICO
Término temático o nombre geográfico como elemento de entrada ENSEÑANZA SECUNDARIA
Subdivisión geográfica REPÚBLICA DOMINICANA
650 ## - ENCABEZAMIENTO DE MATERIA--TEMÁTICO
Término temático o nombre geográfico como elemento de entrada MATEMÁTICAS
Subdivisión temática general LIBROS DE TEXTOS
650 ## - ENCABEZAMIENTO DE MATERIA--TEMÁTICO
Término temático o nombre geográfico como elemento de entrada MATEMÁTICAS
Subdivisión temática general ESTUDIOS Y EJERCICIOS
700 12 - ASIENTO SECUNDARIO -- NOMBRE PERSONAL
Nombre personal Rogero Soler, Anna
Mención de responsabilidad ed.
700 12 - ASIENTO SECUNDARIO -- NOMBRE PERSONAL
Nombre personal Pérez, Kreemly
700 12 - ASIENTO SECUNDARIO -- NOMBRE PERSONAL
Nombre personal Turina, Joaquin
Mención de responsabilidad il.
830 #0 - ASIENTO SECUNDARIO DE SERIE--TÍTULO UNIFORME
Título uniforme Proyecto Sé
910 ## - VALIDACIÓN
Validación Validado. Control de calidad MFF
942 ## - ADDED ENTRY ELEMENTS (KOHA)
Source of classification or shelving scheme Dewey Decimal Classification
Koha item type Libros
956 ## - LOCAL ELECTRONIC LOCATION AND ACCESS (OCLC)
Nombre de host YLOCKWARD
Número de acceso 10
Existencias
Withdrawn status Lost status Source of classification or shelving scheme Damaged status Not for loan Home library Current library Date acquired Total Checkouts Full call number Barcode Date last seen Price effective from Koha item type
    Dewey Decimal Classification     Biblioteca Pública Metropolitana Salomé Ureña Biblioteca Pública Metropolitana Salomé Ureña 04/13/2016   373.7 M425a 1ro,2013 BPMSU16040383 04/13/2016 04/13/2016 Libros